Understanding GST (Record no. 10556)

MARC details
000 -LEADER
fixed length control field 00473cam a2200193ua 4500
008 - FIXED-LENGTH DATA ELEMENTS--GENERAL INFORMATION
fixed length control field 191101n ii |||gr||||Z||||||eng
020 ## - INTERNATIONAL STANDARD BOOK NUMBER
International Standard Book Number 9789350535875
040 ## - CATALOGING SOURCE
Transcribing agency MAIN
082 ## - DEWEY DECIMAL CLASSIFICATION NUMBER
Classification number 336.27140954
100 ## - MAIN ENTRY--PERSONAL NAME
Personal name Sonal G.Singh,
Relator term
245 ## - TITLE STATEMENT
Title Understanding GST
Statement of responsibility, etc. By Sonal G.Singh
250 ## - EDITION STATEMENT
Edition statement 1st ed.
260 ## - PUBLICATION, DISTRIBUTION, ETC.
Place of publication, distribution, etc. New Delhi:
Name of publisher, distributor, etc. Cyber Tech Publications,
Date of publication, distribution, etc. 2016.
300 ## - PHYSICAL DESCRIPTION
Extent 240p.
942 ## - ADDED ENTRY ELEMENTS (KOHA)
Koha item type Books
653 ## - INDEX TERM--UNCONTROLLED
Uncontrolled term Public finance
653 ## - INDEX TERM--UNCONTROLLED
Uncontrolled term GST
Holdings
Withdrawn status Lost status Damaged status Not for loan Home library Current library Shelving location Date acquired Total Checkouts Full call number Barcode Date last seen Date last checked out Copy number Price effective from Koha item type
        Central Library, Naharkatiya College Central Library, Naharkatiya College General Stacks 19/09/2020 4 336.27140954economics | SIN 27595 08/05/2023 20/04/2023 1 19/09/2020 Books

Naharkatiya College © 2020. All rights reserved.

Powered By